LEADER 01462cam2 22003253 450 001 SOBE00029163 005 20231214095723.0 100 $a20121214d2004 |||||ita|0103 ba 101 $aita 102 $aIT 200 1 $a<<14,2 >>Contro Fausto manicheo$eLibri 20-33$etesto latino dell'edizione maurina confrontato con il Corpus scriptorum ecclesiasticorum Latinorum$fSant'Agostino$gintroduzione di Luigi Alici$gtraduzione di Ubaldo Pizzani, Laura Alici, Alessandra Di Pilla$gnote di Ubaldo Pizzani, Alessandra Di Pilla$gindici di Franco Monteverde 210 $aRoma$cCittà Nuova Editrice$d2004 215 $a[396]-866 p.$cill.$d24 cm 300 $aNell'occhietto : Parte I: Libri - Opere polemiche 461 1$1001SOBE00028516$12001 $aOpere di Sant'Agostino 700 1$aAugustinus$b, Aurelius $3AF00004539$4070$0152280 702 1$aMonteverde, Franco$3AF00018100$4070 702 1$aAlici, Luigi$3AF00004044$4070 702 1$aPizzani, Ubaldo$3A600200029955$4070 702 1$aDi Pilla, Alessandra$3SOBA00005436$4070 702 1$aAlici, Laura$3SOBA00005437$4070 801 0$aIT$bUNISOB$c20231214$gRICA 850 $aUNISOB 852 $aUNISOB$j200|Coll|16|K$m124654 912 $aSOBE00029163 940 $aM 102 Monografia moderna SBN 941 $aM 957 $a200|Coll|16|K$b000014$i-2$gSI$d124654$1catenacci$2UNISOB$3UNISOB$420121214121018.0$520231214095723.0$6Spinosa 996 $aContro Fausto Manicheo$9279873 997 $aUNISOB LEADER 01215nam0 22003011i 450 001 UON00081463 005 20231205102430.305 010 $a03-13-23221-0 100 $a20020107d1981 |0itac50 ba 101 $aeng 102 $aUS 105 $a|||| ||||| 200 1 $aˆThe ‰birth of a plural society$ethe development of Northern Rhodesia under the British South Africa company 1894-1914$fL.H. Gann 205 $aRistampa 210 $aWestport$cGreenwood Press$d1981 215 $axxiii, 229 p., p. di tav., [1] c. geogr.$d23 cm 316 $a*Data e prezzo appr.$5IT-UONSI AAST/077 606 $aZAMBIA$xStoria$3UONC022572$2FI 620 $aUS$dWestport (Connecticut)$3UONL003186 676 $a968.94$cSTORIA DELLO ZAMBIA$v21 700 1$aGANN$bL.H.$3UONV043045$0635374 712 $aGreenwood Press$3UONV246063$4650 801 $aIT$bSOL$c20240220$gRICA 899 $aSIBA - SISTEMA BIBLIOTECARIO DI ATENEO$2UONSI 912 $aUON00081463 950 $aSIBA - SISTEMA BIBLIOTECARIO DI ATENEO$dSI AA ST 077 $eSI AA 5831 5 077 *Data e prezzo appr. 996 $aBirth of a plural society$91300814 997 $aUNIOR